Modern-Day Countries of Ex-Mergers - Statistics

General Stats
  • This quiz has been taken 19 times
  • The average score is 4 of 7
Answer Stats
Modern-Day Merger % Correct
Czechia + Slovakia Czechoslovakia
100%
Serbia + Montenegro Yugoslavia
79%
Egypt + Syria United Arab Republic
57%
Senegal + Gambia Senegambia
50%
Norway + Sweden Sweden-Norway
29%
Mali + Senegal Mali Federation
21%
Bolivia + Peru Peru-Bolivian Confederation
21%
No matching quizzes found
Score Distribution
Percent of People with Each Score
Percentile by Number Answered
Your Score History
You have not taken this quiz